|
|
|
|
| LEADER |
00000cam a22000004a 4500 |
| 001 |
musev2_86439 |
| 003 |
MdBmJHUP |
| 005 |
20230905052850.0 |
| 006 |
m o d |
| 007 |
cr||||||||nn|n |
| 008 |
060831s2007 pau o 00 0 eng d |
| 010 |
|
|
|z 2006028920
|
| 020 |
|
|
|a 9780271033105
|
| 035 |
|
|
|a (OCoLC)138624175
|
| 040 |
|
|
|a MdBmJHUP
|c MdBmJHUP
|
| 043 |
|
|
|a e-ru---
|
| 050 |
0 |
4 |
|a JN6699.A15
|b C38 2007
|
| 082 |
0 |
|
|a 306.20947
|2 22
|
| 100 |
1 |
|
|a Carnaghan, Ellen.
|
| 245 |
1 |
0 |
|a Out of Order :
|b Russian Political Values in an Imperfect World /
|c Ellen Carnaghan.
|
| 264 |
|
1 |
|a University Park, Pa. :
|b Pennsylvania State University Press,
|c 2007.
|
| 264 |
|
3 |
|a Baltimore, Md. :
|b Project MUSE,
|c 2022
|
| 264 |
|
4 |
|c ©2007.
|
| 300 |
|
|
|a 1 online resource (344 pages):
|b ill. ;
|
| 336 |
|
|
|a text
|b txt
|2 rdacontent
|
| 337 |
|
|
|a computer
|b c
|2 rdamedia
|
| 338 |
|
|
|a online resource
|b cr
|2 rdacarrier
|
| 504 |
|
|
|a Includes bibliographical references (p. [297]-320) and index.
|
| 505 |
0 |
|
|a Out of order -- The tangled web of culture -- Russians in their own words -- Abstract notions of democracy versus current experiences -- Views of markets : Russians confront inequality -- Views on order, disorder, and democracy -- Views of change : the more things change, the more they stay the same -- What Russians want -- Conclusion.
|
| 588 |
|
|
|a Description based on print version record.
|
| 650 |
|
0 |
|a Public opinion
|z Russia (Federation)
|
| 650 |
|
0 |
|a Political culture
|z Russia (Federation)
|
| 651 |
|
0 |
|a Russia (Federation)
|x Politics and government
|y 1991-
|x Public opinion.
|
| 655 |
|
7 |
|a Electronic books.
|2 local
|
| 710 |
2 |
|
|a Project Muse.
|e distributor
|
| 830 |
|
0 |
|a Book collections on Project MUSE.
|
| 856 |
4 |
0 |
|z Texto completo
|u https://projectmuse.uam.elogim.com/book/86439/
|
| 945 |
|
|
|a Project MUSE - Custom Collection
|